| 000 | 00000nam##2200000za#4500 |
| 001 | 9.575733 |
| 003 | CaOODSP |
| 005 | 20210624184814 |
| 007 | cr ||||||||||| |
| 008 | 150406|2009||||xxc|||||o f|0| 0 eng|d |
| 040 | |aCaOODSP|beng |
| 043 | |an-cn--- |
| 086 | 1 |aTU3-5/09-21E-PDF |
| 110 | 2 |aTransportation Safety Board of Canada. |
| 245 | 10|aLoss of control and collision with Terrain - Cessna 150J, C-GPXN Courtland, Ontario, 12 August 2009 |h[electronic resource] |
| 260 | |aGatineau - Quebec : |bTransportation Safety Board of Canada |c[2009]. |
| 300 | |a5p.|breferences |
| 490 | 1 |aAviation investigation report |vA09O0171 |
| 590 | |a13-06-Supp|b2013-03-19 |
| 775 | 08|tPerte de maîtrise et collision avec le relief du Cessna 150J, C-GPXN à Courtland (Ontario), le 12 août 2009 |w(CaOODSP)9.605195 |
| 830 | #0|aAviation investigation report ;|vA09O0171|w(CaOODSP)9.504825 |
| 856 | 40|ahttp://publications.gc.ca|qPDF|s246 KB|uhttps://publications.gc.ca/collections/collection_2013/bst-tsb/TU3-5-09-21-eng.pdf|yA09O0171 |